[Event "IND-ch U17 Girls 25th"]
[Site "Bihar"]
[Date "2014.12.02"]
[Round "1"]
[White "Lasya, Goli"]
[Black "Mehak, Jain"]
[Result "1-0"]
[WhiteElo "2023"]
[BlackElo "1574"]
[PlyCount "114"]
[EventDate "2014.12.02"]
[EventType "swiss"]
[EventRounds "11"]
[EventCountry "IND"]
[SourceTitle "EXT 2016"]
[Source "ChessBase"]
[SourceDate "2015.10.08"]
[SourceVersion "1"]
[SourceVersionDate "2015.10.08"]
[SourceQuality "1"]

1. e4 c5 2. Nf3 d6 3. d4 cxd4 4. Nxd4 Nf6 5. Nc3 a6 6. Be2 e5 7. Nb3 Be7 8. Bg5 Be6 9. Bxf6 gxf6 10. Nd5 Nd7 11. Bg4 Nf8 12. Bxe6 fxe6 13. Ne3 Qc7 14. Qg4 0-0-0 15. Nd5 f5 16. Nxe7+ Qxe7 17. exf5 exf5 18. Qxf5+ Ne6 19. g3 Rhf8 20. Qe4 Rd7 21. h4 Qf6 22. Qe2 Rc7 23. Rd1 Nd8 24. 0-0 Rg8 25. Qe4 Rcg7 26. Rd3 Rg4 27. Qd5 R8g6 28. h5 Rh6 29. Na5 Qg5 30. Nc4 Qxh5 31. Nxd6+ Kb8 32. Qg2 Nc6 33. Re1 Kc7 34. Ne4 Qg6 35. f3 Rxe4 36. fxe4 Qg8 37. Red1 Rg6 38. c3 Qc4 39. b3 Qc5+ 40. Qf2 Qxf2+ 41. Kxf2 h6 42. Rd7+ Kb6 43. Rf7 Na7 44. Rdd7 Nb5 45. Rxb7+ Kc5 46. Kf3 Nxc3 47. Rbc7+ Kb4 48. Rc4+ Ka3 49. Rxc3 a5 50. Rc2 h5 51. Rf5 h4 52. gxh4 Rg1 53. Rxe5 a4 54. Ra5 Kb4 55. Rxa4+ Kb5 56. a3 Rh1 57. Rb4+ Ka6 1-0